Statistics for Stark County, OH: Cities, Villages & Townships

Click here to take the quiz!

General Stats

  • This quiz has been taken 6 times
  • The average score is 23 of 36

Answer Stats

First LetterPopulationTypeAnswer% Correct
C5,479CityCanal Fulton
100%
C73,007CityCanton
100%
C13,882TownshipCanton
100%
E1,591VillageEast Canton
100%
J40,152TownshipJackson
100%
M32,149CityMassillon
100%
N17,488CityNorth Canton
100%
P28,328TownshipPerry
100%
W4,791TownshipWashington
100%
A22,322CityAlliance
67%
B1,033VillageBeach City
67%
B2,112VillageBrewster
67%
E819VillageEast Sparta
67%
H2,944VillageHartville
67%
H221VillageHills and Dales
67%
L25,892TownshipLake
67%
L8,321TownshipLawrence
67%
L9,186CityLouisville
67%
M3,720VillageMinerva
67%
N1,957VillageNavarre
67%
N9,098TownshipNimishillen
67%
O5,886TownshipOsnaburg
67%
P52,501TownshipPlain
67%
T6,093TownshipTuscarawas
67%
W304VillageWilmot
67%
B4,210TownshipBethlehem
33%
L5,583TownshipLexington
33%
L151VillageLimaville
33%
M978VillageMagnolia
33%
M4,227TownshipMalboro
33%
M569VillageMeyers Lake
33%
P5,969TownshipParis
33%
P4.088TownshipPike
33%
S3,679TownshipSandy
33%
S2,944TownshipSugar Creek
33%
W923VillageWaynesburg
33%

Score Distribution

Percentile by Number Answered

Percent of People with Each Score

Your Score History

You have not taken this quiz